A spirited exchange (Record no. 7150)
[ view plain ]
| 000 -LEADER | |
|---|---|
| fixed length control field | 01551nam a2200373 a 4500 |
| 001 - CONTROL NUMBER | |
| control field | ebr10270983 |
| 003 - CONTROL NUMBER IDENTIFIER | |
| control field | CaPaEBR |
| 006 - FIXED-LENGTH DATA ELEMENTS--ADDITIONAL MATERIAL CHARACTERISTICS--GENERAL INFORMATION | |
| fixed length control field | m u |
| 007 - PHYSICAL DESCRIPTION FIXED FIELD--GENERAL INFORMATION | |
| fixed length control field | cr cn||||||||| |
| 008 - FIXED-LENGTH DATA ELEMENTS--GENERAL INFORMATION | |
| fixed length control field | 071017s2007 ne ab sb 001 0 eng d |
| 010 ## - LIBRARY OF CONGRESS CONTROL NUMBER | |
| Canceled/invalid LC control number | 2007299693 |
| 020 ## - INTERNATIONAL STANDARD BOOK NUMBER | |
| Cancelled/invalid ISBN | 9789004160743 |
| Cancelled/invalid ISBN | 9004160744 |
| 040 ## - CATALOGING SOURCE | |
| Original cataloging agency | CaPaEBR |
| Transcribing agency | CaPaEBR |
| 035 ## - SYSTEM CONTROL NUMBER | |
| System control number | (OCoLC)651819898 |
| 043 ## - GEOGRAPHIC AREA CODE | |
| Geographic area code | e-fr--- |
| -- | e-ne--- |
| 050 14 - LIBRARY OF CONGRESS CALL NUMBER | |
| Classification number | HD9382.5 |
| Item number | .B78 2007eb |
| 082 04 - DEWEY DECIMAL CLASSIFICATION NUMBER | |
| Classification number | 382/.45663200944 |
| Edition number | 22 |
| 100 1# - MAIN ENTRY--PERSONAL NAME | |
| Personal name | Bruyn Kops, Henriette de. |
| 245 12 - TITLE STATEMENT | |
| Title | A spirited exchange |
| Medium | [electronic resource] : |
| Remainder of title | the wine and brandy trade between France and the Dutch Republic in its Atlantic framework, 1600-1650 / |
| Statement of responsibility, etc | by Henriette de Bruyn Kops. |
| 260 ## - PUBLICATION, DISTRIBUTION, ETC. (IMPRINT) | |
| Place of publication, distribution, etc | Leiden ; |
| -- | Boston : |
| Name of publisher, distributor, etc | Brill, |
| Date of publication, distribution, etc | 2007. |
| 300 ## - PHYSICAL DESCRIPTION | |
| Extent | xiii, 371 p. : |
| Other physical details | ill., maps. |
| 490 1# - SERIES STATEMENT | |
| Series statement | The Northern world, |
| International Standard Serial Number | 1569-1462 ; |
| Volume number/sequential designation | v. 32 |
| 504 ## - BIBLIOGRAPHY, ETC. NOTE | |
| Bibliography, etc | Includes bibliographical references (p. [355]-364) and index. |
| 533 ## - REPRODUCTION NOTE | |
| Type of reproduction | Electronic reproduction. |
| Place of reproduction | Palo Alto, Calif. : |
| Agency responsible for reproduction | ebrary, |
| Date of reproduction | 2013. |
| Note about reproduction | Available via World Wide Web. |
| -- | Access may be limited to ebrary affiliated libraries. |
| 650 #0 - SUBJECT ADDED ENTRY--TOPICAL TERM | |
| Topical term or geographic name as entry element | Wine industry |
| Geographic subdivision | France |
| General subdivision | History. |
| Topical term or geographic name as entry element | Wine industry |
| Geographic subdivision | Netherlands |
| General subdivision | History. |
| Topical term or geographic name as entry element | Brandy industry |
| Geographic subdivision | France |
| General subdivision | History. |
| Topical term or geographic name as entry element | Brandy industry |
| Geographic subdivision | Netherlands |
| General subdivision | History. |
| 655 #7 - INDEX TERM--GENRE/FORM | |
| Genre/form data or focus term | Electronic books. |
| Source of term | local |
| 710 2# - ADDED ENTRY--CORPORATE NAME | |
| Corporate name or jurisdiction name as entry element | ebrary, Inc. |
| 830 #0 - SERIES ADDED ENTRY--UNIFORM TITLE | |
| Uniform title | Northern world ; |
| Volume number/sequential designation | v. 32. |
| 856 40 - ELECTRONIC LOCATION AND ACCESS | |
| Uniform Resource Identifier | <a href="http://site.ebrary.com/lib/rucke/Doc?id=10270983">http://site.ebrary.com/lib/rucke/Doc?id=10270983</a> |
| Public note | An electronic book accessible through the World Wide Web; click to view |
No items available.
